| Tag |
First Indicator |
Second Indicator |
Subfields |
| LEADER |
00000cgm a2200000 a 4500 |
| 001 |
in00004372621 |
| 005 |
20260123230103.5 |
| 006 |
m o d |
| 007 |
cr cn |
| 008 |
010721s2020 xx o v eng |
| 020 |
|
|
|z 370520ICRV
|
| 024 |
8 |
|
|a 370520ICRV
|
| 035 |
|
|
|a (CaSebORM)370520ICRV
|
| 040 |
|
|
|d UtOrBLW
|
| 041 |
0 |
|
|a eng
|
| 100 |
1 |
|
|a Simmons, Skylar,
|e author.
|
| 245 |
1 |
0 |
|a Deep Dive into the World of Malware /
|c Simmons, Skylar.
|
| 250 |
|
|
|a 1st edition.
|
| 264 |
|
1 |
|b EC-Council,
|c 2020.
|
| 300 |
|
|
|a 1 online resource (1 video file, approximately 1 hr., 24 min.)
|
| 336 |
|
|
|a two-dimensional moving image
|b tdi
|2 rdacontent
|
| 337 |
|
|
|a computer
|b c
|2 rdamedia
|
| 338 |
|
|
|a online resource
|b cr
|2 rdacarrier
|
| 347 |
|
|
|a video file
|
| 365 |
|
|
|b 20.00
|
| 520 |
|
|
|a We have been seeing increasing news stories about breaches, hacks, and various cyberattacks, but what does it mean in the real world? How does it impact me? This course aims to look at modern malware families and techniques, as well as how they are being used in the "real world." By the end of this course, you will learn some basic activities that you can perform at home to reduce your risk.
|
| 533 |
|
|
|a Electronic reproduction.
|b Boston, MA :
|c Safari,
|n Available via World Wide Web.
|d 2020.
|
| 538 |
|
|
|a Mode of access: World Wide Web.
|
| 542 |
|
|
|f Copyright © EC-Council
|g 2020
|
| 550 |
|
|
|a Made available through: Safari, an O'Reilly Media Company.
|
| 588 |
0 |
|
|a Online resource; Title from title screen (viewed July 30, 2020)
|
| 500 |
|
|
|a Videorecording.
|
| 655 |
|
7 |
|a Electronic videos.
|2 local
|
| 710 |
2 |
|
|a Safari, an O'Reilly Media Company.
|
| 856 |
4 |
0 |
|u https://proxy.library.tamu.edu/login?url=https://go.oreilly.com/TAMU/library/view/-/370520ICRV/?ar
|z Connect to this electronic resource
|t 0
|
| 999 |
f |
f |
|s 4c21c6ca-4d0c-3b14-bce6-90b2f8389f69
|i 623181e5-0533-3c44-ab8e-81c72163ae00
|t 0
|
| 952 |
f |
f |
|a Texas A&M University
|b College Station
|c Electronic Resources
|s www_evans
|d Available Online
|t 0
|h No information provided
|
| 998 |
f |
f |
|t 0
|l Available Online
|